Normal view
MARC view
Entry Geographic Name
001 - CONTROL NUMBER
- control field: 18355
003 - CONTROL NUMBER IDENTIFIER
- control field: ARRUPE
005 - DATE AND TIME OF LATEST TRANSACTION
- control field: 20150716174714.0
008 - FIXED-LENGTH DATA ELEMENTS
- fixed length control field: 150716|| aca||aabn | a|a d
040 ## - CATALOGING SOURCE
- Original cataloging agency: ARRUPE
- Transcribing agency: ARRUPE
151 ## - HEADING--GEOGRAPHIC NAME
- Geographic name: Kenya
- General subdivision: Politics and government
- Chronological subdivision: To 1963.
670 ## - SOURCE DATA FOUND
- Source citation: Work cat.: (ARRUPE)0: Corfield, F. D. (Frank D.), 1902- 18354, The origins and growth of Mau Mau :, 1960.